000 00498nam a2200169Ia 4500
003 OSt
005 20200706143925.0
008 190216s9999||||xx |||||||||||||| ||und||
020 _a8185618461
040 _coclc
082 _a954
_bSTE/N
100 _aStein, Burton
_92374
245 4 _aThe New Cambridge History Of India:
_bVijayanagara /
_cBurton Stein
260 _bCambridge Uty Press,
_c1999.
_aNew York:
300 _a156p
942 _cBK
_2ddc
_h954
_iSTE/N
_k954
_mSTE/N
999 _c20570
_d20570